| 000 | 00772nam a2200265Ia 4500 | ||
|---|---|---|---|
| 001 | Para_5334 | ||
| 003 | CHAP | ||
| 008 | 220125s1921 xx 000 0 und d | ||
| 010 | _a203863 | ||
| 040 | _cCHAP | ||
| 090 | _aPA FOLLETO 2675 | ||
| 100 |
_aCraighead, F. C. _928811 |
||
| 245 |
_aProtection of mesquite cordwood and posts from borers / _c by F. C. Craighead |
||
| 260 |
_aWashington : _b Department of Agriculture |
||
| 300 | _a12 p. | ||
| 440 |
_aEUA. Dep. of Agri. Farmers' Bull.; 1197 _9169805 |
||
| 650 |
_aMezquite _x Plagas Madera _x Plagas _9169806 |
||
| 901 | _aPA FOLLETO 2675 | ||
| 902 | _aA | ||
| 905 | _a0000001921 WAS 0000000000 00 | ||
| 910 | _a1921 | ||
| 942 | _cPARA | ||
| 942 |
_cPARA _d1 |
||
| 999 |
_c203863 _d203863 |
||